24. Season two (Record no. 109733)
[ view plain ]
| 000 -LEADER | |
|---|---|
| fixed length control field | 02944cgm a2200613Ma 4500 |
| 001 - CONTROL NUMBER | |
| control field | ocn671842471 |
| 003 - CONTROL NUMBER IDENTIFIER | |
| control field | OCoLC |
| 005 - DATE AND TIME OF LATEST TRANSACTION | |
| control field | 20260109112401.0 |
| 007 - PHYSICAL DESCRIPTION FIXED FIELD--GENERAL INFORMATION | |
| fixed length control field | vd cvaizk |
| 008 - FIXED-LENGTH DATA ELEMENTS--GENERAL INFORMATION | |
| fixed length control field | 070822p20072002cau000 g vleng d |
| 024 1# - OTHER STANDARD IDENTIFIER | |
| Standard number or code | 024543442936 |
| 035 ## - SYSTEM CONTROL NUMBER | |
| System control number | (OCoLC)671842471 |
| 040 ## - CATALOGING SOURCE | |
| Original cataloging agency | CNRHP |
| Language of cataloging | eng |
| Transcribing agency | CNRHP |
| Modifying agency | OCLCQ |
| -- | JRN |
| -- | OCLCQ |
| -- | AZZPT |
| -- | OCLCO |
| -- | OCLCF |
| -- | UINTA |
| Description conventions | rda |
| 041 0# - LANGUAGE CODE | |
| Language code of text/sound track or separate title | eng |
| -- | spa |
| 043 ## - GEOGRAPHIC AREA CODE | |
| Geographic area code | n-us-ca |
| 049 ## - LOCAL HOLDINGS (OCLC) | |
| Holding library | UCLB |
| 050 14 - LIBRARY OF CONGRESS CALL NUMBER | |
| Classification number | DVD791.4572 TWE |
| 082 04 - DEWEY DECIMAL CLASSIFICATION NUMBER | |
| Classification number | 791.45/72 |
| Edition number | 22 |
| 092 ## - LOCALLY ASSIGNED DEWEY CALL NUMBER (OCLC) | |
| Classification number | 791.457 |
| 245 00 - TITLE STATEMENT | |
| Title | 24. Season two |
| 246 30 - VARYING FORM OF TITLE | |
| Title proper/short title | Twenty four. |
| Number of part/section of a work | Season two |
| 260 ## - PUBLICATION, DISTRIBUTION, ETC. (IMPRINT) | |
| Place of publication, distribution, etc | Beverly Hills, CA : |
| Name of publisher, distributor, etc | Twentieth Century Fox Home Entertainment, |
| Date of publication, distribution, etc | c2007. |
| 264 ## - Production, Publication, Distribution, Manufacture, and Copyright Notice. | |
| Place of production, publication, distribution, manufacture | Beverly Hills, CA : |
| Name of producer, publisher, distributor, manufacturer | produced in association with Real Time Productions. |
| Date of production, publication, distribution, manufacture, or copyr | 2007 |
| 300 ## - PHYSICAL DESCRIPTION | |
| Extent | 7 videodiscs (ca. 1064 min.) : |
| Other physical details | sd., col. ; |
| Dimensions | 4 3/4 in. |
| 500 ## - GENERAL NOTE | |
| General note | Created by Joel Surnow and Robert Cochran. |
| 500 ## - GENERAL NOTE | |
| General note | Originally broadcasted on television during the 2002-2003 season. |
| 505 0# - FORMATTED CONTENTS NOTE | |
| Formatted contents note | Disc 1. 8:00 am-12:00 pm -- Disc 2. 12:00 pm-4:00 pm -- Disc 3. 4:00 pm-8:00 pm -- Disc 4. 8:00 pm-12:00 am -- Disc 5. 12:00 am-4:00 am -- Disc 6. 4:00 am-8:00 am -- Disc 7. Deleted scenes. |
| 511 1# - PARTICIPANT OR PERFORMER NOTE | |
| Participant or performer note | Kiefer Sutherland, Sarah Wynter, Elisha Cuthbert, Xander Berkeley, Carlos Bernard, Dennis Haysbert. |
| 520 ## - SUMMARY, ETC. | |
| Summary, etc | It's been over a year since his wife's death, but Jack Bauer and his daughter are still reeling from the tragedy. The two are estranged and Jack no longer works for CTU. But an urgent phone call from the President plunges Jack back into another 24-hour nightmare as he races against time to prevent the detonation of a nuclear bomb in Los Angeles. |
| 521 ## - TARGET AUDIENCE NOTE | |
| Target audience note | Canadian Home Video Rating: 14A. |
| 538 ## - SYSTEM DETAILS NOTE | |
| System details note | DVD ; widescreen presentation. |
| 540 ## - TERMS GOVERNING USE AND REPRODUCTION NOTE | |
| Terms governing use and reproduction | For private home use only. |
| 546 ## - LANGUAGE NOTE | |
| Language note | Closed-captioned for the hearing impaired. |
| 546 ## - LANGUAGE NOTE | |
| Language note | Includes audio tracks in English and Spanish with subtitles in English and Spanish. |
| 650 #0 - SUBJECT ADDED ENTRY--TOPICAL TERM | |
| Topical term or geographic name as entry element | Terrorism |
| General subdivision | Prevention |
| Form subdivision | Fiction. |
| 9 (RLIN) | 5674888 |
| 650 #0 - SUBJECT ADDED ENTRY--TOPICAL TERM | |
| Topical term or geographic name as entry element | Action and adventure television programs. |
| 9 (RLIN) | 6270405 |
| 650 #0 - SUBJECT ADDED ENTRY--TOPICAL TERM | |
| Topical term or geographic name as entry element | Video recordings for the hearing impaired. |
| 9 (RLIN) | 6270406 |
| 650 #7 - SUBJECT ADDED ENTRY--TOPICAL TERM | |
| Topical term or geographic name as entry element | Action and adventure television programs. |
| Source of heading or term | fast |
| 9 (RLIN) | 6270405 |
| 650 #7 - SUBJECT ADDED ENTRY--TOPICAL TERM | |
| Topical term or geographic name as entry element | Terrorism |
| General subdivision | Prevention. |
| Source of heading or term | fast |
| 9 (RLIN) | 78571 |
| 650 #7 - SUBJECT ADDED ENTRY--TOPICAL TERM | |
| Topical term or geographic name as entry element | Video recordings for the hearing impaired. |
| Source of heading or term | fast |
| 9 (RLIN) | 6270406 |
| 651 #0 - SUBJECT ADDED ENTRY--GEOGRAPHIC NAME | |
| Geographic name | Los Angeles (Calif.) |
| Form subdivision | Fiction. |
| 9 (RLIN) | 5674855 |
| 651 #7 - SUBJECT ADDED ENTRY--GEOGRAPHIC NAME | |
| Geographic name | California |
| Geographic subdivision | Los Angeles. |
| Source of heading or term | fast |
| 9 (RLIN) | 5742529 |
| 655 #7 - INDEX TERM--GENRE/FORM | |
| Genre/form data or focus term | Fiction. |
| Source of term | fast |
| 9 (RLIN) | 5673940 |
| 700 1# - ADDED ENTRY--PERSONAL NAME | |
| Personal name | Sutherland, Kiefer, |
| Dates associated with a name | 1967- |
| 9 (RLIN) | 62454 |
| 700 1# - ADDED ENTRY--PERSONAL NAME | |
| Personal name | Wynter, Sarah. |
| 9 (RLIN) | 6270407 |
| 700 1# - ADDED ENTRY--PERSONAL NAME | |
| Personal name | Cuthbert, Elisha. |
| 9 (RLIN) | 77463 |
| 700 1# - ADDED ENTRY--PERSONAL NAME | |
| Personal name | Haysbert, Dennis. |
| 9 (RLIN) | 40040 |
| 700 1# - ADDED ENTRY--PERSONAL NAME | |
| Personal name | Surnow, Joel. |
| 9 (RLIN) | 68788 |
| 700 1# - ADDED ENTRY--PERSONAL NAME | |
| Personal name | Cochran, Robert. |
| 9 (RLIN) | 59807 |
| 700 1# - ADDED ENTRY--PERSONAL NAME | |
| Personal name | Real Time Productions (Firm) |
| 9 (RLIN) | 73740 |
| 710 2# - ADDED ENTRY--CORPORATE NAME | |
| Corporate name or jurisdiction name as entry element | Twentieth Century Fox Home Entertainment, Inc. |
| 9 (RLIN) | 61951 |
| 730 0# - ADDED ENTRY--UNIFORM TITLE | |
| Uniform title | 24 (Television program) |
| 9 (RLIN) | 68350 |
| 942 ## - ADDED ENTRY ELEMENTS (KOHA) | |
| Koha item type | DVD |
| Source of classification or shelving scheme | Dewey Decimal Classification |
| Withdrawn status | Lost status | Source of classification or shelving scheme | Materials specified (bound volume or other part) | Damaged status | Not for loan | Collection code | Home library | Current library | Shelving location | Date acquired | Source of acquisition | Total Checkouts | Total Renewals | Full call number | Barcode | Date last seen | Date checked out | Cost, replacement price | Price effective from | Koha item type |
|---|---|---|---|---|---|---|---|---|---|---|---|---|---|---|---|---|---|---|---|---|
| Dewey Decimal Classification | 7 discs | Television Series | Wasatch County Library | Wasatch County Library | Audio Visual Area | 11/16/2023 | Donation | 1 | 2 | TV Series 24 #2 | 34301002021196 | 07/16/2025 | 06/25/2025 | 40.00 | 11/16/2023 | DVD Series |
